Top 20 US Beers (2013) Quiz Stats

 Plays Quiz not verified by Sporcle

Challenge
Share
Tweet
Embed
Score 0/20 Timer 05:00
0 Plays Today
Sales in Millions $ Specific Beer % Correct
2,110Budweiser
99.3%
2,360Coors Light
91.8%
5,946Bud Light
86.6%
1,868Miller Lite
84.6%
1,221Corona Extra
69.8%
699Heineken
58.3%
288Pabst Blue Ribbon
56.9%
673Busch
46.2%
1,122Natural Light
44.2%
476Miller High Life
43.8%
Sales in Millions $ Specific Beer % Correct
777Michelob Ultra Light
38.4%
493Keystone Light
33.7%
844Busch Light
33.2%
248Yuengling
30.9%
335Natural Ice
19%
285Bud Light Lime
18.3%
248Bud Ice
10.6%
574Modelo Especial
8.6%
321Bud Light Platinum Lager
8.2%
246Bud Light Straw-ber-Rita/Lime-a-Rita
2.4%

You're not logged in!

Compare scores with friends on all Sporcle quizzes.
Join for Free
OR
Log In

You Might Also Like...

Show Comments

Extras

Created Apr 21, 2014SourceReportNominate
Tags:2013, beer, million, sale, specific

Top Quizzes Today


Score Distribution

Your Account Isn't Verified!

In order to create a playlist on Sporcle, you need to verify the email address you used during registration. Go to your Sporcle Settings to finish the process.

Report this User

Report this user for behavior that violates our Community Guidelines.

Details: